000 00762nam a2200265Ia 4500
005 20260302114227.0
008 008 260114s9999 xx 000 0 eng d
020 _a9781350105676
037 _aTextbook
040 _aCRL
040 _beng
040 _cCRL
041 _2eng
041 _aeng
084 _qCRL
100 _aBenjamin Halligan, Alexei Penzin, Stefano Pippa and Rebecca Carson
_91118138
245 0 _aPolitics of the Many Contemporary Radical Thought and the Crisis of Agency
260 _bBloomsbury
260 _bBloomsbury Academic
260 _c2021
650 _aPhilosophy
856 _uhttps://doi.org/10.5040/9781350105676?locatt=label:secondary_bloomsburyCollections
942 _cEBOOK
999 _c1681794
_d1681794